| 000 | 01907nam a2200493 i 4500 | ||
|---|---|---|---|
| 001 | 100996 | ||
| 003 | FlNmELB | ||
| 005 | 20241217173109.0 | ||
| 006 | m o d | | ||
| 007 | cr cnu|||||||| | ||
| 008 | 180815s2016 sp ob 000 0 spa d | ||
| 020 | _z9786079426453 | ||
| 020 | _a9781512951837 (e-book) | ||
| 035 | _a(MiAaPQ)EBC5426080 | ||
| 035 | _a(Au-PeEL)EBL5426080 | ||
| 035 | _a(OCoLC)1105894199 | ||
| 040 |
_aFINmELB _bspa _erda _cFINmELB |
||
| 050 | 4 |
_aPQ7081 _bZ91 2016 |
|
| 080 | _a821.134.2(8) | ||
| 082 | 0 |
_a860.998 _223 |
|
| 100 | 1 | _aZárate Fernández, Marcela Patricia. | |
| 245 | 1 | 0 |
_aMientras no llegue el olvido : _bescrituras sobre el exilio de Luis Enrique Délano, Tununa Mercado y Saúl Ibargoyen / _cMarcela Patricia Zárate Fernández. |
| 264 | 1 |
_aMéxico, D.F. : _bEdiciones y Gráficos Eón, _c2016. |
|
| 300 | _a1 recurso en línea (214 páginas) | ||
| 336 |
_atexto _btxt _2rdacontent/spa |
||
| 337 |
_acomputadora _bc _2rdamedia/spa |
||
| 338 |
_arecurso en línea _bcr _2rdacarrier/spa |
||
| 490 | 1 | _aEón Ensayo | |
| 504 | _aContiene bibliografía. | ||
| 588 | _aDescripción basada en recurso en línea; Título de la página del título en PDF (e-libro, visto August 15, 2018). | ||
| 590 | _aRecurso electrónico. Santa Fe, Arg.: e-libro, 2018. Disponible vía World Wide Web. El acceso puede estar limitado para las bibliotecas afiliadas a e-libro. | ||
| 650 | 0 |
_aLatin American literature _xHistory and criticism. |
|
| 650 | 0 | _aExiles' writings, Latin American. | |
| 650 | 0 |
_aExiles _zMexico _y20th century. |
|
| 650 | 4 | _aLiteratura latinoamericana. | |
| 650 | 4 | _aExiliado. | |
| 650 | 4 | _aHistoria literaria. | |
| 650 | 4 | _aCrítica literaria. | |
| 651 | 4 | _aMéxico. | |
| 655 | 4 | _aLibros electrónicos. | |
| 797 | 2 | _ae-libro, Corp. | |
| 830 | 0 | _aEón Ensayo. | |
| 856 | 4 | 0 | _uhttps://elibro.net/ereader/politecnicointernacional/41122 |
| 999 |
_c100996 _d100996 |
||